[Event "43rd Guernsey International Open"]
[Site "?"]
[Date "2017.10.20"]
[Round "6"]
[White "Hoogland, Rob"]
[Black "Gravett, Alan D"]
[Result "1-0"]
[WhiteElo "1915"]
[BlackElo "1810"]
[PlyCount "55"]
[EventDate "2017.10.15"]
[EventType "swiss"]
[EventRounds "7"]
[SourceDate "2017.11.01"]
[SourceVersionDate "2017.11.01"]

1. d4 Nf6 2. c4 d6 3. Nc3 e5 4. e4 exd4 5. Qxd4 Nc6 6. Qd1 Be7 7. Nf3 O-O 8. h3
Re8 9. Be2 h6 10. Be3 Bf8 11. Nd2 Be6 12. O-O g6 13. f4 Bg7 14. Qc2 Qe7 15. a3
Kh8 16. Rae1 Rad8 17. Bd3 Bc8 18. Nf3 Qf8 19. Nh4 a6 20. b4 Nh5 21. Nf3 Nf6 22.
Kh2 Bd7 23. Nd5 Nxe4 24. Nxc7 Re7 25. Nd5 Ree8 26. Bb6 f5 27. Bxd8 Nxd8 28. Nh4
1-0

[Event "43rd Guernsey International Open"]
[Site "?"]
[Date "2017.10.20"]
[Round "6"]
[White "Van der Giessen, Ada Leona"]
[Black "Burton, Ronnie"]
[Result "0-1"]
[WhiteElo "1821"]
[BlackElo "1911"]
[PlyCount "42"]
[EventDate "2017.10.15"]
[EventType "swiss"]
[EventRounds "7"]
[SourceDate "2017.11.01"]
[SourceVersionDate "2017.11.01"]

1. e4 d5 2. exd5 Nf6 3. d4 Bg4 4. Be2 Bxe2 5. Nxe2 Qxd5 6. O-O e6 7. Nbc3 Qh5
8. Ng3 Qxd1 9. Rxd1 Nc6 10. Nce4 Be7 11. c3 O-O 12. Nxf6+ Bxf6 13. Ne4 Be7 14.
Bf4 Rac8 15. b4 Rfd8 16. a3 h6 17. Bg3 b6 18. f3 f5 19. Nd2 Bf6 20. b5 Nxd4 21.
Kf1 Nxb5 0-1

[Event "43rd Guernsey International Open"]
[Site "?"]
[Date "2017.10.20"]
[Round "6"]
[White "Rowe, Peter"]
[Black "Plug, Arjan"]
[Result "0-1"]
[WhiteElo "1974"]
[BlackElo "1814"]
[PlyCount "46"]
[EventDate "2017.10.15"]
[EventType "swiss"]
[EventRounds "7"]
[SourceDate "2017.11.01"]
[SourceVersionDate "2017.11.01"]

1. d4 Nf6 2. Bf4 e6 3. e3 c5 4. c3 Nc6 5. Nf3 d5 6. Bd3 Bd6 7. Ne5 O-O 8. Nd2
cxd4 9. exd4 Bxe5 10. dxe5 Nd7 11. Nf3 f6 12. exf6 Nxf6 13. Ne5 Ne4 14. Bxe4
Rxf4 15. Bxh7+ Kxh7 16. Qh5+ Kg8 17. Ng6 Re4+ 18. Kf1 Qf6 19. h4 Ne7 20. Qh8+
Kf7 21. Nxe7 Kxe7 22. Rh3 b6 23. Rg3 Ba6+ 0-1

[Event "43rd Guernsey International Open"]
[Site "?"]
[Date "2017.10.20"]
[Round "6"]
[White "Agustsson, Hafsteinn"]
[Black "Murray, J Stephen"]
[Result "1-0"]
[WhiteElo "1925"]
[BlackElo "1763"]
[PlyCount "71"]
[EventDate "2017.10.15"]
[EventType "swiss"]
[EventRounds "7"]
[SourceDate "2017.11.01"]
[SourceVersionDate "2017.11.01"]

1. d4 Nf6 2. c4 e6 3. Nc3 d5 4. cxd5 exd5 5. Bg5 Be7 6. Qc2 c6 7. e3 Nbd7 8.
Bd3 O-O 9. Nge2 Re8 10. O-O Nf8 11. f3 Ng6 12. Rae1 Nh5 13. Bxe7 Rxe7 14. e4
Nhf4 15. e5 Nxd3 16. Qxd3 Nf8 17. f4 Qb6 18. a3 a5 19. Kh1 Qa6 20. Qc2 Bg4 21.
f5 Bxe2 22. Rxe2 Rae8 23. Qd2 Qc4 24. Rc1 c5 25. f6 gxf6 26. Ne4 Qxd4 27. Nxf6+
Kh8 28. Qg5 Ng6 29. Qh6 Nf8 30. Nxe8 Rxe8 31. Qf6+ Kg8 32. Rf1 Qa4 33. Qxf7+
Kh8 34. Qxd5 Qb5 35. Ref2 Ng6 36. e6 1-0

[Event "43rd Guernsey International Open"]
[Site "?"]
[Date "2017.10.20"]
[Round "6"]
[White "Hickman, John E"]
[Black "Brookfield, Toby"]
[Result "1/2-1/2"]
[WhiteElo "1910"]
[BlackElo "1859"]
[PlyCount "62"]
[EventDate "2017.10.15"]
[EventType "swiss"]
[EventRounds "7"]
[SourceDate "2017.11.01"]
[SourceVersionDate "2017.11.01"]

1. e4 c5 2. Nf3 d6 3. d4 cxd4 4. Nxd4 Nf6 5. Nc3 g6 6. Be3 Bg7 7. f3 Nc6 8. Qd2
O-O 9. Bc4 Bd7 10. O-O-O Rc8 11. Bb3 Ne5 12. Kb1 Nc4 13. Bxc4 Rxc4 14. h4 h5
15. Nde2 b5 16. Bh6 b4 17. Nd5 Nxd5 18. Bxg7 Kxg7 19. exd5 Qa5 20. g4 Rfc8 21.
Nd4 Rh8 22. Qg5 Qb6 23. Nf5+ Bxf5 24. gxf5 Qf2 25. Rc1 Qxf3 26. fxg6 f6 27. Qd2
Qf4 28. Qe2 Qe4 29. Qf2 Qd4 30. Qf5 Qg4 31. Qf2 Qd4 1/2-1/2

[Event "43rd Guernsey International Open"]
[Site "?"]
[Date "2017.10.20"]
[Round "6"]
[White "Rowe, Oliver"]
[Black "Van Hoek, Wim"]
[Result "1/2-1/2"]
[WhiteElo "1634"]
[BlackElo "1907"]
[PlyCount "39"]
[EventDate "2017.10.15"]
[EventType "swiss"]
[EventRounds "7"]
[SourceDate "2017.11.01"]
[SourceVersionDate "2017.11.01"]

1. d4 d5 2. Bf4 e6 3. e3 f5 4. Nf3 Nf6 5. Be2 Be7 6. Nbd2 O-O 7. O-O c6 8. c3
Ne4 9. Nxe4 fxe4 10. Ne5 Nd7 11. Bg3 Nxe5 12. Bxe5 Bd6 13. Bxd6 Qxd6 14. f4
exf3 15. Rxf3 Rxf3 16. Bxf3 e5 17. e4 Be6 18. exd5 Bxd5 19. Bxd5+ Qxd5 20. dxe5
1/2-1/2

[Event "43rd Guernsey International Open"]
[Site "?"]
[Date "2017.10.20"]
[Round "6"]
[White "Frijling, Jeroen"]
[Black "Strade, Arita"]
[Result "0-1"]
[WhiteElo "1727"]
[BlackElo "1917"]
[PlyCount "66"]
[EventDate "2017.10.15"]
[EventType "swiss"]
[EventRounds "7"]
[SourceDate "2017.11.01"]
[SourceVersionDate "2017.11.01"]

1. d4 Nf6 2. c4 e6 3. g3 d5 4. Bg2 Be7 5. Nf3 b6 6. O-O Bb7 7. Ne5 O-O 8. Qa4
Ne4 9. Nc3 f6 10. Nd3 Nxc3 11. bxc3 Qc8 12. cxd5 exd5 13. Nf4 c6 14. c4 g5 15.
Nd3 Qe6 16. cxd5 cxd5 17. Ba3 Bxa3 18. Qxa3 Nc6 19. e3 Na5 20. Rac1 Rf7 21. Rc2
Nc4 22. Qb3 f5 23. Ne5 Nxe5 24. dxe5 Qxe5 25. Rfc1 Rg7 26. Qc3 Qd6 27. Qd4 Rd8
28. a4 h5 29. Bf1 f4 30. e4 dxe4 31. Bc4+ Kh8 32. Qb2 f3 33. Bf7 Qd1+ 0-1

[Event "43rd Guernsey International Open"]
[Site "?"]
[Date "2017.10.20"]
[Round "6"]
[White "Bakkes, Frits"]
[Black "Von Saldern, Ruediger"]
[Result "1/2-1/2"]
[WhiteElo "1636"]
[BlackElo "1894"]
[PlyCount "47"]
[EventDate "2017.10.15"]
[EventType "swiss"]
[EventRounds "7"]
[SourceDate "2017.11.01"]
[SourceVersionDate "2017.11.01"]

1. e4 e5 2. Nf3 Nc6 3. d4 exd4 4. c3 d5 5. exd5 Qxd5 6. cxd4 Bg4 7. Be2 O-O-O
8. Nc3 Qd7 9. d5 Nb4 10. O-O Nxd5 11. Nxd5 Qxd5 12. Qa4 Bxf3 13. Bxf3 Qd4 14.
Qb3 Qb4 15. Qxf7 Nf6 16. a3 Qa4 17. b3 Qd7 18. Qxd7+ Rxd7 19. Bg5 Rf7 20. b4
Bd6 21. Rfe1 Rhf8 22. Re6 h6 23. Bxf6 Rxf6 24. Rae1 1/2-1/2

[Event "43rd Guernsey International Open"]
[Site "?"]
[Date "2017.10.20"]
[Round "6"]
[White "Cummins, John"]
[Black "Spanton, Timothy R"]
[Result "0-1"]
[WhiteElo "1790"]
[BlackElo "1858"]
[PlyCount "78"]
[EventDate "2017.10.15"]
[EventType "swiss"]
[EventRounds "7"]
[SourceDate "2017.11.01"]
[SourceVersionDate "2017.11.01"]

1. e4 e5 2. Nf3 Nc6 3. Bb5 Nf6 4. d3 Bc5 5. O-O Nd4 6. Nxd4 Bxd4 7. c3 Bb6 8.
Bg5 h6 9. Bh4 c6 10. Ba4 O-O 11. Nd2 d5 12. h3 Qd6 13. Bc2 Rd8 14. Kh1 g5 15.
Bg3 dxe4 16. Nc4 Qe7 17. Nxb6 axb6 18. Qe2 exd3 19. Bxd3 e4 20. Bc2 Bf5 21. a3
Qc5 22. Rad1 Bg6 23. Rxd8+ Rxd8 24. Bh2 Bh5 25. g4 Bg6 26. Bg1 Qd6 27. Rd1 Qc7
28. Bh2 Rxd1+ 29. Qxd1 Qd7 30. Qe1 Qd5 31. Qe3 Qb5 32. Qc1 Nd7 33. a4 Qe2 34.
Bg1 Qf3+ 35. Kh2 Ne5 36. Bd1 Qf4+ 37. Qxf4 gxf4 38. f3 e3 39. h4 Bd3 0-1

[Event "43rd Guernsey International Open"]
[Site "?"]
[Date "2017.10.21"]
[Round "7"]
[White "Enkhtuul, Altan Ulzii"]
[Black "Hillarp Persson, Tiger"]
[Result "1/2-1/2"]
[WhiteElo "2327"]
[BlackElo "2517"]
[PlyCount "116"]
[EventDate "2017.10.15"]
[EventType "swiss"]
[EventRounds "7"]
[SourceDate "2017.11.01"]
[SourceVersionDate "2017.11.01"]

1. Nf3 e6 2. d4 Nf6 3. g3 b5 4. Bg2 Bb7 5. O-O c5 6. Bg5 Qb6 7. c3 Ne4 8. Be3
f5 9. Nbd2 Nf6 10. a4 a6 11. Qb3 cxd4 12. Bxd4 Qc6 13. Ne1 Ne4 14. Nxe4 fxe4
15. f3 Qc4 16. Qxc4 bxc4 17. fxe4 Nc6 18. Nc2 a5 19. Na3 Bxa3 20. Rxa3 Nxd4 21.
cxd4 Ba6 22. b3 cxb3 23. Rxb3 Bxe2 24. Re1 Ba6 25. e5 Rc8 26. Rb6 Bd3 27. d5
exd5 28. Bxd5 Ke7 29. e6 Rb8 30. exd7+ Kxd7 31. Rbe6 Rb4 32. Bc6+ Kc7 33. Be8
Rf8 34. Re7+ Kb8 35. Rxg7 Rf6 36. Rd1 Rb1 37. Rxb1+ Bxb1 38. g4 Rf4 39. Kg2 Bc2
40. Kg3 Re4 41. Bc6 Rc4 42. Bb5 Rc3+ 43. Kf4 Rh3 44. Ke5 Rxh2 45. Kd6 Rh6+ 46.
Kc5 Rg6 47. Rxg6 Bxg6 48. Kb6 h6 49. Bc6 Bc2 50. Kxa5 Kc7 51. Bf3 Kd6 52. Kb5
Bxa4+ 53. Kxa4 Ke5 54. Kb5 Kf6 55. Kc5 h5 56. gxh5 Kg7 57. Kd6 Kh8 58. h6 Kh7
1/2-1/2

[Event "43rd Guernsey International Open"]
[Site "?"]
[Date "2017.10.21"]
[Round "7"]
[White "Le Roux, Jean Pierre"]
[Black "Hoogland, Dirk"]
[Result "1-0"]
[WhiteElo "2554"]
[BlackElo "2098"]
[PlyCount "84"]
[EventDate "2017.10.15"]
[EventType "swiss"]
[EventRounds "7"]
[SourceDate "2017.11.01"]
[SourceVersionDate "2017.11.01"]

1. d4 Nf6 2. Bg5 c5 3. d5 Ne4 4. Bf4 Qb6 5. Bc1 d6 6. f3 Nf6 7. e4 g6 8. Na3
Nbd7 9. Nc4 Qc7 10. a4 b6 11. Ne2 Bg7 12. Nc3 a6 13. Be2 O-O 14. O-O Rb8 15.
Ne3 Qd8 16. Kh1 Ne8 17. f4 Nc7 18. Nc4 Nf6 19. Bf3 Bd7 20. e5 Nfe8 21. Re1 b5
22. axb5 axb5 23. Na5 Qc8 24. Ne4 Rb6 25. Ng5 dxe5 26. fxe5 h6 27. Ne4 Na6 28.
Nc3 Nb4 29. Bf4 Bf5 30. Nc6 Nxc6 31. dxc6 Nc7 32. Nd5 Nxd5 33. Qxd5 c4 34. Ra7
e6 35. Qc5 Ra6 36. Ra1 Rxa1+ 37. Rxa1 g5 38. c7 Qd7 39. Rd1 Qc8 40. Bg3 g4 41.
Bb7 Qxb7 42. Rd8 Qa6 1-0

[Event "43rd Guernsey International Open"]
[Site "?"]
[Date "2017.10.21"]
[Round "7"]
[White "Mack, Wolfgang"]
[Black "Reijneveld, Ad"]
[Result "0-1"]
[WhiteElo "2149"]
[BlackElo "2078"]
[PlyCount "72"]
[EventDate "2017.10.15"]
[EventType "swiss"]
[EventRounds "7"]
[SourceDate "2017.11.01"]
[SourceVersionDate "2017.11.01"]

1. g3 c5 2. Bg2 g6 3. e4 Bg7 4. d3 Nc6 5. c3 d6 6. Be3 e6 7. Na3 Nge7 8. Qd2
O-O 9. Ne2 Rb8 10. Bh6 b5 11. Bxg7 Kxg7 12. O-O a5 13. Nc2 b4 14. Ne3 Ba6 15.
Ng4 Kh8 16. f4 f5 17. exf5 gxf5 18. Nf2 d5 19. d4 bxc3 20. bxc3 Qb6 21. dxc5
Qb2 22. Qxb2 Rxb2 23. Nd4 Bxf1 24. Bxf1 Nxd4 25. cxd4 Nc6 26. a4 Rfb8 27. Bb5
Nxd4 28. Nd3 Rd2 29. Rb1 Nf3+ 30. Kf1 Nxh2+ 31. Kg1 Nf3+ 32. Kf1 Rxd3 33. Rc1
Rb3 34. c6 Nd2+ 35. Kf2 Nc4 36. Ba6 Rb2+ 0-1

[Event "43rd Guernsey International Open"]
[Site "?"]
[Date "2017.10.21"]
[Round "7"]
[White "Bowmer, Kevin"]
[Black "Johnsen, Gunnar"]
[Result "1-0"]
[WhiteElo "2041"]
[BlackElo "2178"]
[PlyCount "51"]
[EventDate "2017.10.15"]
[EventType "swiss"]
[EventRounds "7"]
[SourceDate "2017.11.01"]
[SourceVersionDate "2017.11.01"]

1. e4 e6 2. d4 d5 3. Nd2 Nf6 4. e5 Nfd7 5. c3 c5 6. Bd3 Nc6 7. Ne2 cxd4 8. cxd4
f6 9. exf6 Nxf6 10. O-O Bd6 11. Nf3 O-O 12. Bf4 Nh5 13. Bxd6 Qxd6 14. Rc1 Rxf3
15. gxf3 Bd7 16. Rc3 Rf8 17. Re1 Nf4 18. Bb5 Nh3+ 19. Kg2 e5 20. Bxc6 bxc6 21.
dxe5 Qxe5 22. Qd4 Nf4+ 23. Kh1 Qe7 24. Re3 Ne6 25. Qxa7 c5 26. Nf4 1-0

[Event "43rd Guernsey International Open"]
[Site "?"]
[Date "2017.10.21"]
[Round "7"]
[White "Jackson, Oliver A"]
[Black "Sedgwick, David R"]
[Result "1-0"]
[WhiteElo "2168"]
[BlackElo "1972"]
[PlyCount "49"]
[EventDate "2017.10.15"]
[EventType "swiss"]
[EventRounds "7"]
[SourceDate "2017.11.01"]
[SourceVersionDate "2017.11.01"]

1. e4 e6 2. d4 d5 3. Nc3 Nf6 4. e5 Nfd7 5. f4 c5 6. Nf3 Nc6 7. Bd3 cxd4 8. Ne2
Qb6 9. O-O Bc5 10. a3 a6 11. Kh1 f6 12. Qe1 fxe5 13. fxe5 Nf8 14. Qg3 g6 15.
Bh6 Ne7 16. Ng5 Nf5 17. Bxf5 exf5 18. Nf4 Qc6 19. e6 Be7 20. Rae1 Bxe6 21.
Nfxe6 Kd7 22. Nxd4 Qb6 23. Rxe7+ Kxe7 24. Qe5+ Ne6 25. Ngxe6 1-0

[Event "43rd Guernsey International Open"]
[Site "?"]
[Date "2017.10.21"]
[Round "7"]
[White "Munshi, Aditya"]
[Black "Whatley, Stephen AJ"]
[Result "0-1"]
[WhiteElo "1986"]
[BlackElo "2159"]
[PlyCount "100"]
[EventDate "2017.10.15"]
[EventType "swiss"]
[EventRounds "7"]
[SourceDate "2017.11.01"]
[SourceVersionDate "2017.11.01"]

1. e4 c5 2. Nf3 Nc6 3. Bb5 e6 4. Bxc6 bxc6 5. b3 d6 6. e5 dxe5 7. Nxe5 Qg5 8.
Ng4 f5 9. Qf3 fxg4 10. Qxc6+ Kf7 11. Qxa8 Qe5+ 12. Kd1 Qc7 13. Qe4 Nf6 14. Qe2
Bb7 15. f3 gxf3 16. gxf3 Qf4 17. d3 Qxf3 18. Rf1 Qxe2+ 19. Kxe2 Bd6 20. Nd2
Bxh2 21. Nc4 h5 22. Bf4 Bxf4 23. Rxf4 g5 24. Ne5+ Kg7 25. Rg1 g4 26. Ra4 a6 27.
Rc4 Rc8 28. Kd1 Nd5 29. Kc1 Ne3 30. Rf4 Nf5 31. c3 Kf6 32. Nd7+ Kg5 33. Rc4 g3
34. Nxc5 Rxc5 35. Rxc5 h4 36. Rc7 Bf3 37. Rc8 h3 38. Rh8 Bh5 39. Rg8+ Kh4 40.
Rh1 h2 41. Rh8 Kg4 42. Kd2 Nh4 43. Rg8+ Bg6 44. Rh8 Bh5 45. Rg8+ Ng6 46. Rxg6+
Bxg6 47. Ke2 g2 48. Rxh2 g1=Q 49. Rh8 Qg2+ 50. Ke1 Qg3+ 0-1

[Event "43rd Guernsey International Open"]
[Site "?"]
[Date "2017.10.21"]
[Round "7"]
[White "Kraft, Karl Heinz"]
[Black "Timmermans, Ivo"]
[Result "0-1"]
[WhiteElo "2036"]
[BlackElo "2126"]
[PlyCount "84"]
[EventDate "2017.10.15"]
[EventType "swiss"]
[EventRounds "7"]
[SourceDate "2017.11.01"]
[SourceVersionDate "2017.11.01"]

1. e4 e5 2. Nc3 Nf6 3. Nf3 Nc6 4. d4 exd4 5. Nd5 Nxe4 6. Bc4 Be7 7. O-O O-O 8.
Nxd4 Nf6 9. Nxc6 dxc6 10. Nxe7+ Qxe7 11. Re1 Qc5 12. Qd3 Bf5 13. Qc3 Qd6 14.
Be3 Ng4 15. g3 Nxe3 16. Rxe3 Qd7 17. Bd3 Rfe8 18. Rae1 Rxe3 19. Rxe3 Be6 20.
Qb4 b6 21. Qh4 g6 22. Qf6 c5 23. h4 Qd4 24. Qg5 c4 25. Be4 Re8 26. c3 Qd8 27.
Qh6 Qd1+ 28. Kh2 Rd8 29. Bxg6 hxg6 30. Rxe6 Qf3 31. Qe3 Qxe3 32. Rxe3 Rd2 33.
Kg2 Rxb2 34. Re7 Rxa2 35. Rxc7 b5 36. Rb7 a6 37. Ra7 Ra3 38. Kf1 Rxc3 39. Rxa6
b4 40. Rb6 b3 41. Ke2 Rc2+ 42. Ke3 b2 0-1

[Event "43rd Guernsey International Open"]
[Site "?"]
[Date "2017.10.21"]
[Round "7"]
[White "Vorstermans, Peter"]
[Black "Maloberti, David"]
[Result "1/2-1/2"]
[WhiteElo "2007"]
[BlackElo "2132"]
[PlyCount "80"]
[EventDate "2017.10.15"]
[EventType "swiss"]
[EventRounds "7"]
[SourceDate "2017.11.01"]
[SourceVersionDate "2017.11.01"]

1. e4 e6 2. Qe2 c5 3. Nf3 Nc6 4. g3 Nge7 5. Bg2 d5 6. d3 dxe4 7. dxe4 Nd4 8.
Nxd4 cxd4 9. O-O Nc6 10. f4 Bc5 11. Kh1 O-O 12. Nd2 b6 13. e5 Bb7 14. Ne4 Be7
15. a3 a5 16. Rd1 Qc7 17. Bd2 Ba6 18. Qg4 Kh8 19. Qh5 Rad8 20. Rac1 Bc4 21. g4
f6 22. exf6 Bxf6 23. g5 g6 24. Qg4 Bg7 25. b3 Bd5 26. Re1 Qf7 27. Rf1 Qe7 28.
a4 Nb4 29. Nf2 Nc6 30. Nd3 Rf5 31. Rfe1 Qf7 32. Re2 e5 33. Bxd5 Qxd5+ 34. Qg2
Qxg2+ 35. Kxg2 exf4 36. Bxf4 Nb4 37. Bd2 Nd5 38. h4 Kg8 39. Rf1 Rdf8 40. Rxf5
Rxf5 1/2-1/2

[Event "43rd Guernsey International Open"]
[Site "?"]
[Date "2017.10.21"]
[Round "7"]
[White "Curtis, John E"]
[Black "Hewson, Brian WR"]
[Result "1/2-1/2"]
[WhiteElo "2093"]
[BlackElo "1995"]
[PlyCount "46"]
[EventDate "2017.10.15"]
[EventType "swiss"]
[EventRounds "7"]
[SourceDate "2017.11.01"]
[SourceVersionDate "2017.11.01"]

1. d4 d5 2. Nf3 Nf6 3. e3 c6 4. c4 e6 5. Nbd2 Nbd7 6. Bd3 Bd6 7. O-O O-O 8. e4
dxe4 9. Nxe4 Nxe4 10. Bxe4 h6 11. Bc2 e5 12. Re1 exd4 13. Nxd4 Nf6 14. Qd3 Bb4
15. Rd1 Re8 16. Be3 Bf8 17. h3 a6 18. Qb3 Qc7 19. Rac1 c5 20. Ne2 Be6 21. Nf4
Bd6 22. Nxe6 Rxe6 23. Qd3 Bf4 1/2-1/2

[Event "43rd Guernsey International Open"]
[Site "?"]
[Date "2017.10.21"]
[Round "7"]
[White "Purdon, Colin"]
[Black "Kirby, Peter J"]
[Result "1-0"]
[WhiteElo "2047"]
[BlackElo "1996"]
[PlyCount "39"]
[EventDate "2017.10.15"]
[EventType "swiss"]
[EventRounds "7"]
[SourceDate "2017.11.01"]
[SourceVersionDate "2017.11.01"]

1. d4 Nf6 2. c4 g6 3. Nc3 Bg7 4. e4 d6 5. Nf3 O-O 6. h3 e5 7. d5 Nh5 8. g3 f5
9. exf5 gxf5 10. Ng5 Nf6 11. Bg2 a5 12. g4 Na6 13. Ne6 Bxe6 14. dxe6 fxg4 15.
hxg4 h6 16. Bxh6 Bxh6 17. Rxh6 Qe7 18. g5 Qg7 19. Ne4 Nh7 20. Qh5 1-0

[Event "43rd Guernsey International Open"]
[Site "?"]
[Date "2017.10.21"]
[Round "7"]
[White "Prill, Gerhard"]
[Black "Prins, Jan"]
[Result "1/2-1/2"]
[WhiteElo "1948"]
[BlackElo "2025"]
[PlyCount "51"]
[EventDate "2017.10.15"]
[EventType "swiss"]
[EventRounds "7"]
[SourceDate "2017.11.01"]
[SourceVersionDate "2017.11.01"]

1. e4 c5 2. Nf3 Nc6 3. c4 e5 4. Be2 Nf6 5. d3 Be7 6. Nc3 d6 7. h3 a6 8. O-O Rb8
9. Rb1 b5 10. Bd2 b4 11. Nd5 O-O 12. Qc1 Ne8 13. a3 a5 14. g4 Be6 15. Be3 Qd7
16. Nh2 Nd4 17. Bd1 Qb7 18. Bxd4 cxd4 19. Nxe7+ Qxe7 20. f4 f6 21. Be2 Qa7 22.
Kg2 Qc5 23. Ra1 b3 24. Qd2 Nc7 25. Nf3 Bd7 26. f5 1/2-1/2

[Event "43rd Guernsey International Open"]
[Site "?"]
[Date "2017.10.21"]
[Round "7"]
[White "Fassaert, Desire JM"]
[Black "Wager, John D"]
[Result "0-1"]
[WhiteElo "1923"]
[BlackElo "2025"]
[PlyCount "82"]
[EventDate "2017.10.15"]
[EventType "swiss"]
[EventRounds "7"]
[SourceDate "2017.11.01"]
[SourceVersionDate "2017.11.01"]

1. c4 Nf6 2. g3 g6 3. Bg2 Bg7 4. Nc3 e5 5. e3 O-O 6. Nge2 c6 7. d4 d6 8. O-O
Qc7 9. b3 a6 10. Ba3 Rd8 11. Qc2 Nbd7 12. Rad1 Nf8 13. Rd2 Bf5 14. e4 Be6 15.
dxe5 dxe5 16. Rfd1 Ne8 17. Rd3 Bf6 18. Bc1 Rxd3 19. Rxd3 Rd8 20. Be3 Rxd3 21.
Qxd3 Qd7 22. Qxd7 Nxd7 23. c5 Be7 24. Na4 Nc7 25. Kf1 Kg7 26. Ke1 h6 27. f3 Bg5
28. Kd2 Bxe3+ 29. Kxe3 f6 30. Bf1 Kf7 31. Nc1 Ke7 32. Kd2 Nb5 33. Ne2 g5 34.
Ke3 h5 35. Kd3 f5 36. f4 exf4 37. gxf4 fxe4+ 38. Kxe4 Nf6+ 39. Ke3 Ng4+ 40. Kd3
Nxh2 41. Nb2 h4 0-1

[Event "43rd Guernsey International Open"]
[Site "?"]
[Date "2017.10.21"]
[Round "7"]
[White "Bakker, Joop"]
[Black "Thurlow, Kevin J"]
[Result "1/2-1/2"]
[WhiteElo "1853"]
[BlackElo "2009"]
[PlyCount "33"]
[EventDate "2017.10.15"]
[EventType "swiss"]
[EventRounds "7"]
[SourceDate "2017.11.01"]
[SourceVersionDate "2017.11.01"]

1. e4 c5 2. c4 Nc6 3. Nc3 e6 4. g3 a6 5. Bg2 g6 6. Nge2 Bg7 7. O-O Nge7 8. d3
O-O 9. a3 Rb8 10. Rb1 b5 11. cxb5 axb5 12. b4 cxb4 13. axb4 f5 14. Be3 Qc7 15.
Qb3 Kh8 16. Rfc1 Qd6 17. Bc5 1/2-1/2

[Event "43rd Guernsey International Open"]
[Site "?"]
[Date "2017.10.21"]
[Round "7"]
[White "Taylor, Mark V"]
[Black "De Kruif, Kees"]
[Result "1/2-1/2"]
[WhiteElo "2015"]
[BlackElo "1993"]
[PlyCount "62"]
[EventDate "2017.10.15"]
[EventType "swiss"]
[EventRounds "7"]
[SourceDate "2017.11.01"]
[SourceVersionDate "2017.11.01"]

1. d4 Nf6 2. Nc3 d5 3. Bg5 Nbd7 4. e3 h6 5. Bh4 g6 6. Nf3 Bg7 7. Be2 O-O 8. O-O
c6 9. a4 Qe8 10. Bg3 Kh8 11. a5 Nh5 12. Bc7 e5 13. dxe5 Nxe5 14. Nxe5 Bxe5 15.
Bxe5+ Qxe5 16. Bxh5 gxh5 17. Qd4 Qxd4 18. exd4 Rg8 19. f3 Bf5 20. Rf2 Rae8 21.
Na4 h4 22. Kf1 h5 23. h3 Re7 24. Re1 Rge8 25. Rxe7 Rxe7 26. Rd2 Kg7 27. Kf2 Kg6
28. c3 Kg5 29. Re2 Rxe2+ 30. Kxe2 Kf4 31. Kf2 Bc2 1/2-1/2

[Event "43rd Guernsey International Open"]
[Site "?"]
[Date "2017.10.21"]
[Round "7"]
[White "Rosen, Daniel B"]
[Black "Campbell, Ian"]
[Result "1-0"]
[WhiteElo "2042"]
[BlackElo "1990"]
[PlyCount "39"]
[EventDate "2017.10.15"]
[EventType "swiss"]
[EventRounds "7"]
[SourceDate "2017.11.01"]
[SourceVersionDate "2017.11.01"]

1. e4 g6 2. d4 d6 3. Nc3 Bg7 4. Be3 a6 5. Qd2 Nd7 6. Bd3 b5 7. a4 b4 8. Nd1 a5
9. Ne2 c5 10. c3 Ngf6 11. f3 h6 12. O-O Bb7 13. cxb4 cxb4 14. Nf2 h5 15. Rac1
O-O 16. Bh6 Rc8 17. Rxc8 Qxc8 18. Bxg7 Kxg7 19. Qg5 e6 20. Qxa5 1-0

[Event "43rd Guernsey International Open"]
[Site "?"]
[Date "2017.10.21"]
[Round "7"]
[White "Van Gils, Martin"]
[Black "Milnes, Anthony CP"]
[Result "1/2-1/2"]
[WhiteElo "1978"]
[BlackElo "2041"]
[PlyCount "123"]
[EventDate "2017.10.15"]
[EventType "swiss"]
[EventRounds "7"]
[SourceDate "2017.11.01"]
[SourceVersionDate "2017.11.01"]

1. e4 e6 2. d4 d5 3. Nc3 Bb4 4. a3 Bxc3+ 5. bxc3 dxe4 6. f3 b6 7. Bf4 Bb7 8.
Bb5+ Nd7 9. fxe4 Bxe4 10. Nf3 Ngf6 11. O-O O-O 12. g4 a6 13. Bc4 b5 14. Bb3 Nb6
15. Bg5 Nbd5 16. Qe1 Bg6 17. Ne5 Qd6 18. c4 bxc4 19. Nxc4 Qc6 20. Ne5 Qc3 21.
Qxc3 Nxc3 22. Bxf6 gxf6 23. Nc6 Be4 24. d5 Bxd5 25. Ne7+ Kg7 26. Nxd5 Nxd5 27.
Bxd5 exd5 28. Rf5 Rad8 29. Re1 Rd7 30. Rd1 c6 31. c4 Rfd8 32. Rdf1 Rd6 33. c5
Re6 34. g5 fxg5 35. Rxf7+ Kg6 36. Ra7 d4 37. Rd1 d3 38. Rd2 Re5 39. Rxa6 Rxc5
40. Kf2 Kf5 41. Ra4 Ke5 42. Ke3 Rcd5 43. h4 h6 44. Rc4 c5 45. a4 Kf5 46. a5
Re8+ 47. Kf3 Ra8 48. Ra4 Ra6 49. Ke3 gxh4 50. Rxh4 Kg5 51. Ra4 Re6+ 52. Kf2
Rf5+ 53. Kg2 Re2+ 54. Rxe2 dxe2 55. Re4 c4 56. a6 Ra5 57. Kf2 Rxa6 58. Rxc4 Re6
59. Rc1 Kg4 60. Rg1+ Kf4 61. Re1 h5 62. Rxe2 1/2-1/2

[Event "43rd Guernsey International Open"]
[Site "?"]
[Date "2017.10.21"]
[Round "7"]
[White "Van den Boogaart, Jan Maarten"]
[Black "Heppell, Ian N"]
[Result "0-1"]
[WhiteElo "1991"]
[BlackElo "2034"]
[PlyCount "60"]
[EventDate "2017.10.15"]
[EventType "swiss"]
[EventRounds "7"]
[SourceDate "2017.11.01"]
[SourceVersionDate "2017.11.01"]

1. d4 f5 2. c4 d6 3. Nf3 Nf6 4. Nc3 g6 5. g3 Bg7 6. Bg2 O-O 7. O-O Qe8 8. d5
Na6 9. Nd4 Bd7 10. e4 fxe4 11. Nxe4 Nxe4 12. Bxe4 Nc5 13. Bg2 a5 14. Be3 Qf7
15. Rc1 Kh8 16. Qd2 a4 17. Bh6 Bxh6 18. Qxh6 Nd3 19. Rc2 Ne5 20. Qd2 c5 21.
dxc6 Nxc6 22. f4 Qf6 23. Nb5 Bf5 24. Rcc1 Rab8 25. Rfe1 Rfe8 26. Nc7 Red8 27.
Nd5 Qg7 28. Qc3 e5 29. Qd2 Nd4 30. Be4 Bxe4 0-1